000 00309nam a22001217a 4500
020 _a978-0195107890
040 _cSCME
100 _aEdited by James E. Mark
_9127624
245 _aPolymer Data Handbook /
_cJames E. Mark
260 _aNew York
_bOxford University
_c1999
300 _a960p.
942 _2ddc
_cBK
999 _c609143
_d609143